000 00597nam a22001937a 4500
005 20170921135636.0
010 _aENG-120473
020 _c1995.00
_a9788183283557
035 _aEN-104005
037 _bDBAD/PUB
082 _a305.40954
245 _aThe Indian woman /
_cedited by Richa Anirudh ;curated by Shobit Arya
260 _aNew Delhi
_bWisdom Tree
_c2014
270 _a4779/23,Ansari Road, Darya Ganj
_bNew Delhi
_e110002
300 _axiii,144p.:
_c30cm(Hb)
_bill (col.)
700 _aAniruth, Richa
700 _aArya,Shobit
942 _2ddc
_cEN
_h305.40954
_mTHE
999 _c145186
_d145186